[Event "Oberliga North 1997/98"]
[Site "masterchessopen.com - Germany"]
[Round "0"]
[White "Doeppner Tilo (GER)"]
[Black "Nonnenmacher Thomas (GER)"]
[Result "1-0"]
[WhiteElo "2191"]
[BlackElo "2135"]

1.d4 Nf6 2.c4 c5 3.d5 e6 4.Nc3 exd5 5.cxd5 d6 6.e4 g6 7.f4 Bg7 8.Nf3 O-O 9.Be2
a6 10.a4 Re8 11.e5 dxe5 12.fxe5 Ng4 13.Bg5 Qa5 14.O-O Nxe5 15.d6 Be6 16.Nd5 c4
17.Nc7 Nxf3+ 18.Bxf3 Qxg5 19.Nxe8 Bxb2 20.Nc7 Ra7 21.Nxe6 fxe6 22.d7 Qd8
23.Bg4 Qxd7 24.Bxe6+ {#r} 1-0

[Event "Ch Vietnam (active)"]
[Site "masterchessopen.com - Ho Chi Minh City (Vietnam)"]
[Round "11"]
[White "Nguyen Thai Binh (VIE)"]
[Black "Pham Minh Hoang (VIE)"]
[Result "0-1"]
[WhiteElo "2273"]
[BlackElo "2484"]

1.d4 Nf6 2.c4 c5 3.d5 e6 4.Nc3 exd5 5.cxd5 d6 6.f4 g6 7.e4 Bg7 8.Nf3 O-O 9.Be2
Bg4 10.O-O Re8 11.h3 Bxf3 12.Bxf3 Na6 13.Re1 Nd7 14.Be3 Qa5 15.Qd2 b5 16.a3 c4
17.a4 b4 18.Nb5 c3 19.bxc3 Bxc3 20.Nxc3 bxc3 21.Qd4 Nac5 22.Ra3 a6 23.Rc1 Rab8
24.Rcxc3 Rb4 25.Rc4 Nb3 26.Qc3 Rxc4 27.Qxc4 Qe1+ 28.Kh2 Qxe3 29.Rxb3 Qxf4+
30.Kh1 Nc5 31.Rb6 h5 32.Qb4 Kh7 33.a5 h4 34.e5 {#R} 0-1

[Event "It (open) (a)"]
[Site "masterchessopen.com - Klatovy (Czech Republic)"]
[Round "0"]
[White "Stluka Frantisek (CZE)"]
[Black "Kuljabin Vadim (RUS)"]
[Result "1-0"]
[WhiteElo "2089"]
[BlackElo "2450"]

1.d4 Nf6 2.c4 g6 3.Nc3 Bg7 4.e4 d6 5.f4 c5 6.d5 e6 7.Nf3 exd5 8.cxd5 O-O 9.Be2
b5 10.e5 dxe5 11.fxe5 Ng4 12.Bg5 f6 13.exf6 Bxf6 14.Qd2 a6 15.O-O Ra7 16.Ne4
Rd7 17.Rad1 Bb7 18.Nxf6+ Nxf6 19.d6 Qe8 20.Bh6 Ne4 21.Qe3 Rf6 22.a4 Re6
23.axb5 Nd2 24.Qxd2 Rxe2 25.Qxe2 Qxe2 26.Rde1 Qe4 27.Rxe4 Bxe4 28.Ne5 Rd8
29.Rf7 Bd5 30.Rg7+ Kh8 31.Re7 axb5 32.d7 {#r} 1-0

[Event "It (open)"]
[Site "masterchessopen.com - Sutton (England)"]
[Round "0"]
[White "Mah Karl (ENG)"]
[Black "Kelly Ian G (ENG)"]
[Result "1-0"]
[WhiteElo "2365"]
[BlackElo "2061"]

1.d4 Nf6 2.c4 c5 3.d5 e6 4.Nc3 exd5 5.cxd5 d6 6.e4 g6 7.f4 Bg7 8.Nf3 O-O 9.Be2
b5 10.e5 dxe5 11.fxe5 Ng4 12.Bg5 Qb6 13.O-O Nxe5 14.Be7 Re8 15.d6 Be6 16.Nxe5
Bxe5 17.Nd5 Qc6 18.Nc7 Bd4+ 19.Kh1 Rxe7 20.dxe7 Na6 21.Nxa8 Qxa8 22.Bxb5 Nc7
23.Qf3 Bd5 24.Qe2 Be4 25.Bc4 Ne6 26.Bxe6 {#r} 1-0

[Event "It (open) (active)"]
[Site "masterchessopen.com - Bastia (France)"]
[Round "9"]
[White "Elbilia Jacques (MAR)"]
[Black "Armas Julius (FRA)"]
[Result "1-0"]
[WhiteElo "2360"]
[BlackElo "2310"]

1.d4 Nf6 2.c4 c5 3.d5 e6 4.Nc3 exd5 5.cxd5 d6 6.e4 g6 7.f4 Bg7 8.Nf3 O-O 9.Be2
Bg4 10.O-O Re8 11.e5 dxe5 12.fxe5 Bxf3 13.Bxf3 Rxe5 14.Bf4 Rf5 15.Qd2 Nh5
16.Bxh5 Rxh5 17.Rad1 Bd4+ 18.Kh1 Nd7 19.Nb5 Be5 20.d6 Qh4 21.h3 Rd8 22.Rde1
Rf5 23.Bxe5 Rxf1+ 24.Rxf1 Nxe5 25.Re1 Nc4 26.Qc3 f5 27.Re7 {#r} 1-0

[Event "It (open)"]
[Site "masterchessopen.com - Hafnarfjordur (Iceland)"]
[Round "1"]
[White "Thorfinnsson Bragi (ISL)"]
[Black "Gudmundsson Kjartan (ISL)"]
[Result "1-0"]
[WhiteElo "2235"]
[BlackElo "1993"]

1.d4 Nf6 2.c4 e6 3.Nc3 c5 4.d5 exd5 5.cxd5 d6 6.e4 g6 7.f4 Bg7 8.Nf3 O-O 9.Be2
b5 10.e5 dxe5 11.fxe5 Ng4 12.Bg5 Qb6 13.O-O c4+ 14.Kh1 Nd7 15.e6 fxe6 16.dxe6
Ndf6 17.e7 Re8 18.h3 h6 19.Bxf6 Nxf6 20.Ne5 Kh7 21.Qc2 Ng8 22.Bf3 Bf5 23.Qd1
Bxe5 24.Bxa8 Rxa8 25.Qd5 Rc8 26.Qf7+ Kh8 27.e8=Q Rxe8 28.Qxe8 Qe3 29.Rae1 {#r}
1-0

[Event "It (open) \"]
[Site "masterchessopen.com - Slovakia"]
[Round "7"]
[White "Hlinka Vasil (SVK)"]
[Black "Tomcik Milan (SVK)"]
[Result "0-1"]
[WhiteElo "2132"]
[BlackElo "2051"]

1.d4 Nf6 2.c4 c5 3.d5 e6 4.Nc3 exd5 5.cxd5 d6 6.e4 g6 7.f4 Bg7 8.Nf3 O-O 9.Be2
Bg4 10.O-O Re8 11.h3 Bxf3 12.Bxf3 a6 13.a4 Nbd7 14.g4 h6 15.h4 Nh7 16.g5 c4
17.Be3 Rc8 18.Bd4 Nc5 19.Bxg7 Kxg7 20.Qd4+ f6 21.Qf2 hxg5 22.fxg5 Nd3 23.Qg3
fxg5 24.Bg4 gxh4 25.Qe3 Rc7 26.Qd4+ Re5 27.Be6 h3 28.Bxh3 Qh4 29.Qe3 Nf6
30.Kh2 Ng4+ {#R} 0-1

[Event "It (open) (a)"]
[Site "masterchessopen.com - Torgelow (Germany)"]
[Round "5"]
[White "Kolkwitz Klaus (GER)"]
[Black "Springer Guido (GER)"]
[Result "1-0"]
[WhiteElo "1877"]
[BlackElo "1902"]

1.d4 Nf6 2.c4 c5 3.d5 e6 4.Nc3 exd5 5.cxd5 d6 6.e4 g6 7.f4 Bg7 8.Nf3 O-O 9.Be2
a6 10.a4 Re8 11.e5 dxe5 12.fxe5 Ng4 13.Bg5 Qb6 14.O-O Nxe5 15.d6 Ng4 16.Nd5
Qa7 17.Bc4 Nd7 18.Re1 Nde5 19.Nxe5 Bxe5 20.Ne7+ Kg7 21.Rxe5 Nxe5 22.Qd2 f6
23.Bh6+ Kh8 24.Qd5 Nxc4 25.Qf7 {#r} 1-0

[Event "It (open) (w)"]
[Site "masterchessopen.com - Kavala (Greece)"]
[Round "0"]
[White "Grapsa Georgia (GRE)"]
[Black "Petraki Maria (GRE)"]
[Result "1-0"]
[WhiteElo "2048"]
[BlackElo "2123"]

1.d4 Nf6 2.c4 c5 3.d5 e6 4.Nc3 exd5 5.cxd5 d6 6.e4 g6 7.f4 Bg7 8.Nf3 O-O 9.Be2
Bg4 10.O-O Nfd7 11.Be3 Re8 12.h3 Bxf3 13.Bxf3 f5 14.Qd3 Na6 15.Bf2 Nb4 16.Qb1
Qf6 17.a3 Na6 18.exf5 gxf5 19.Re1 Nb6 20.Re6 Rxe6 21.dxe6 Rb8 22.Qd3 Bf8
23.Nb5 Qxb2 24.Rb1 Qf6 25.Nxa7 Ra8 26.Qb3 Rxa7 27.e7+ c4 28.exf8=Q+ Kxf8
29.Qxb6 {#r} 1-0

[Event "Ch Pan-American (w)"]
[Site "masterchessopen.com - San Felipe (Venezuela)"]
[Round "4"]
[White "Sanchez Aliris (VEN)"]
[Black "Guerrero Rodriguez Alejandra (MEX)"]
[Result "0-1"]
[WhiteElo "2095"]
[BlackElo "2093"]

1.d4 Nf6 2.c4 c5 3.d5 e6 4.Nc3 exd5 5.cxd5 d6 6.e4 g6 7.f4 Bg7 8.Nf3 O-O 9.Bd3
a6 10.a4 Re8 11.O-O Nbd7 12.Nd2 Rb8 13.Qf3 c4 14.Nxc4 Nc5 15.e5 Bg4 16.Qg3
dxe5 17.Nxe5 h5 18.h3 Nxd3 19.Qxd3 Bf5 20.Qf3 h4 21.Be3 Nh5 22.Bd4 Bh6 23.Ne2
f6 24.Ng4 Bg7 25.Nc3 Qd6 26.Ne3 Bd3 27.Rf2 Qb4 28.Ne2 Bxe2 29.Rxe2 Qxd4 30.Kh2
Qxf4+ 31.Qxf4 Nxf4 32.Ree1 Nd3 33.Re2 f5 34.Rd1 Nxb2 {#R} 0-1

[Event "Memorial Barbosa Coitinho"]
[Site "masterchessopen.com - Vitoria (Brazil)"]
[Round "4"]
[White "Lahud Tarcisio (BRA)"]
[Black "Campos Esevandro (BRA)"]
[Result "1-0"]
[WhiteElo "1947"]
[BlackElo "1975"]

1.d4 Nf6 2.c4 c5 3.d5 e6 4.Nc3 exd5 5.cxd5 d6 6.e4 g6 7.f4 Bg7 8.Nf3 O-O 9.Bd3
Re8 10.O-O Nbd7 11.Kh1 Nb6 12.Qe2 Qc7 13.Be3 Ng4 14.Bg1 f5 15.Nd2 Bxc3 16.bxc3
Kg7 17.Qf3 Bd7 18.Rae1 a6 19.Qg3 Nh6 20.c4 Rad8 21.e5 dxe5 22.fxe5 Ng4 23.Nf3
Bc8 24.h3 Nh6 25.Be3 Nf7 26.Bf4 Qe7 27.Rb1 {#r} 1-0

[Event "It (open)"]
[Site "masterchessopen.com - Baunatal (Germany)"]
[Round "7"]
[White "Ramme Christoph (GER)"]
[Black "Schermer Denis (GER)"]
[Result "0-1"]
[WhiteElo "2094"]
[BlackElo "2062"]

1.d4 Nf6 2.c4 e6 3.Nc3 c5 4.d5 exd5 5.cxd5 d6 6.e4 g6 7.f4 Bg7 8.Nf3 O-O 9.Bd3
a6 10.a4 Qc7 11.Qe2 Bg4 12.O-O Nbd7 13.a5 Rfe8 14.Qf2 Bxf3 15.Qxf3 c4 16.Bc2
Nc5 17.Be3 Re7 18.e5 Nfd7 19.Rfd1 Ree8 20.exd6 Qxd6 21.Bd4 Nd3 22.Bxg7 Qc5+
23.Kf1 Re3 24.Rxd3 cxd3 25.Qg4 f5 26.Qg5 Kxg7 {#R} 0-1

[Event "It (open) \"]
[Site "masterchessopen.com - Budapest (Hungary)"]
[Round "3"]
[White "Karkus Karoly (HUN)"]
[Black "Bencze Laszlo (HUN)"]
[Result "0-1"]
[WhiteElo "2118"]
[BlackElo "2269"]

1.d4 Nf6 2.c4 e6 3.Nc3 c5 4.d5 exd5 5.cxd5 d6 6.e4 g6 7.f4 Bg7 8.Nf3 O-O 9.Be2
b5 10.e5 dxe5 11.fxe5 Ng4 12.Bxb5 Nxe5 13.Nxe5 Bxe5 14.O-O a6 15.Ba4 Qh4 16.h3
Bxh3 17.Qe1 Bg3 {#R} 0-1

[Event "Oberliga East B 1999/00"]
[Site "masterchessopen.com - Germany"]
[Round "8"]
[White "Koehler Ronald (GER)"]
[Black "Gustavsson Cyrill (SWE)"]
[Result "1-0"]
[WhiteElo "2255"]
[BlackElo "2206"]

1.d4 Nf6 2.c4 g6 3.Nc3 Bg7 4.e4 d6 5.f4 c5 6.d5 e6 7.Nf3 exd5 8.cxd5 O-O 9.Be2
Bg4 10.O-O Nbd7 11.Re1 Re8 12.h3 Bxf3 13.Bxf3 Qa5 14.Be3 b5 15.Qc2 b4 16.Na4
Nxd5 17.exd5 Rxe3 18.Rxe3 Bd4 19.Kf2 Re8 20.Re1 Qd8 21.Qd2 Qf6 22.Kf1 Rxe3
23.Rxe3 Bxe3 24.Qxe3 c4 25.Qxa7 Qxf4 26.Qxd7 Qc1+ 27.Kf2 Qb1 28.Qc8+ {#r} 1-0

[Event "It (open)"]
[Site "masterchessopen.com - Goch (Germany)"]
[Round "6"]
[White "Bock Juergen (GER)"]
[Black "Dreckmeier Dirk"]
[Result "1-0"]
[WhiteElo "2245"]
[BlackElo "2000"]

1.d4 Nf6 2.c4 c5 3.d5 e6 4.Nc3 exd5 5.cxd5 d6 6.e4 g6 7.f4 Bg7 8.Nf3 O-O 9.Be2
Bg4 10.O-O a6 11.a4 Bxf3 12.Bxf3 Nbd7 13.Re1 Ne8 14.Kh1 Nc7 15.a5 Nb5 16.Bd2
Nd4 17.Na4 Rc8 18.Bc3 Re8 19.Rb1 Nxf3 20.Qxf3 Bxc3 21.Qxc3 Nf6 22.Nb6 Rc7
23.e5 dxe5 24.d6 Rc6 25.fxe5 Nd7 26.Nc4 Qh4 27.Rbd1 Re6 28.Qb3 g5 29.Qxb7 Rh6
30.h3 g4 31.Qxc6 gxh3 32.g3 Qxc4 33.Qxd7 Qc2 34.Qg4+ {#r} 1-0

[Event "It (open)"]
[Site "masterchessopen.com - Zurich (Switzerland)"]
[Round "2"]
[White "Regez Markus (SUI)"]
[Black "Kurmann Oliver (SUI)"]
[Result "0-1"]
[WhiteElo "2134"]
[BlackElo "2439"]

1.d4 Nf6 2.c4 e6 3.Nc3 c5 4.d5 exd5 5.cxd5 d6 6.e4 g6 7.f4 Bg7 8.Nf3 O-O 9.Be2
a6 10.O-O Re8 11.e5 dxe5 12.fxe5 Ng4 13.Bg5 Qa5 14.d6 Be6 15.Nd5 Bxd5 16.Qxd5
Nc6 17.Qxf7+ Kxf7 18.Bc4+ Kf8 19.Nd4+ Bf6 20.Rxf6+ Kg7 21.Rf7+ Kh8 22.Nxc6
bxc6 23.h3 Rxe5 24.Bf4 Re1+ 25.Bf1 Rxa1 26.hxg4 Qe1 27.Bg5 Kg8 {#R} 0-1

[Event "Ch Europe (juniors) (under 12)"]
[Site "masterchessopen.com - Chalkidiki (Greece)"]
[Round "6"]
[White "Mihailovs Jurijs (LAT)"]
[Black "Andreikin Dmitry (RUS)"]
[Result "1-0"]
[WhiteElo "2149"]
[BlackElo "2398"]

1.d4 Nf6 2.c4 c5 3.d5 e6 4.Nc3 exd5 5.cxd5 d6 6.e4 g6 7.f4 Bg7 8.Nf3 O-O 9.Be2
b5 10.e5 dxe5 11.fxe5 Ng4 12.Bg5 Qa5 13.O-O Nxe5 14.Bxb5 Bg4 15.Be2 Bxf3
16.Bxf3 Nbd7 17.Be7 Rfe8 18.d6 Rab8 19.Bd5 Bf8 20.Bxf7+ Nxf7 21.Qd5 Ne5
22.Rxf7 Nxf7 23.Rf1 Bg7 24.Rxf7 Kh8 25.Rxg7 Kxg7 26.Qe5+ Kh6 27.Bg5+ Kh5
28.g4+ Kxg4 29.Qf4+ {#r} 1-0

[Event "It (open)"]
[Site "masterchessopen.com - Helmondsee (Netherlands)"]
[Round "4"]
[White "Coenen Albert (NED)"]
[Black "Lobzhanidze Davit (GEO)"]
[Result "0-1"]
[WhiteElo "1932"]
[BlackElo "2505"]

1.d4 Nf6 2.c4 c5 3.d5 e6 4.Nc3 exd5 5.cxd5 d6 6.e4 g6 7.f4 Bg7 8.Nf3 O-O 9.Be2
b5 10.e5 Nfd7 11.O-O dxe5 12.Bxb5 Ba6 13.Bxa6 Nxa6 14.d6 Nb4 15.a3 Nc6 16.Qd5
Nd4 17.Nxe5 Nb6 18.Qb7 Rb8 19.Qc7 Rc8 20.Qxa7 Qxd6 21.Ne4 Qd5 22.Qxb6 Qxe4
23.Bd2 Rb8 24.Qc7 Rxb2 25.Rad1 Ne2+ 26.Kh1 Nc3 27.Rde1 Qd5 28.Nf3 Ne4 29.Be3
Rb7 30.Qa5 Bc3 31.Qa6 Bxe1 32.Rxe1 Rfb8 {#R} 0-1

[Event "Ch Sweden (juniors)"]
[Site "masterchessopen.com - Linkoping (Sweden)"]
[Round "10"]
[White "Olsson Simon (SWE)"]
[Black "Olsson Linus (SWE)"]
[Result "0-1"]
[WhiteElo "2059"]
[BlackElo "2252"]

1.d4 Nf6 2.c4 c5 3.d5 e6 4.Nc3 exd5 5.cxd5 d6 6.e4 g6 7.f4 Bg7 8.Nf3 O-O 9.Bd3
Re8 10.O-O Bg4 11.h3 Bxf3 12.Qxf3 Nbd7 13.g4 h6 14.h4 h5 15.g5 Ng4 16.Qg3 c4
17.Be2 Nc5 18.Bxg4 hxg4 19.Qxg4 Nxe4 20.Qf3 Qe7 21.Rb1 b5 22.Nxb5 Qb7 23.Na3
Qxd5 24.Be3 Rab8 25.Rfd1 Qc6 26.b3 cxb3 27.Rxb3 Rxb3 28.axb3 d5 29.Nb1 Qc2
30.Bxa7 Ng3 31.Qd3 Re1+ 32.Rxe1 Qxd3 33.Re8+ Kh7 {#R} 0-1

[Event "Tournament (Elo)"]
[Site "masterchessopen.com - Melbourne (Australia)"]
[Round "1"]
[White "Lindberg Douglas (AUS)"]
[Black "Pyke Malcolm (AUS)"]
[Result "0-1"]
[WhiteElo "2055"]
[BlackElo "2173"]

1.d4 Nf6 2.c4 c5 3.d5 e6 4.Nc3 exd5 5.cxd5 d6 6.e4 g6 7.f4 Bg7 8.Nf3 O-O 9.Bd3
Bg4 10.O-O Nbd7 11.Qe1 Bxf3 12.Rxf3 a6 13.a4 Re8 14.a5 Nxe4 15.Bxe4 f5 16.Re3
fxe4 17.Rxe4 Bd4+ 18.Be3 Nf6 19.Re6 Bxc3 20.Qxc3 Nxd5 21.Qc4 Rxe6 22.Qxd5 Qe7
23.g4 Qf7 24.Re1 Rae8 25.Qf3 Re4 26.Re2 d5 {#R} 0-1

[Event "Ch Switzerland"]
[Site "masterchessopen.com - Scuol (Switzerland)"]
[Round "4"]
[White "Burnier David (SUI)"]
[Black "Meier Mario (SUI)"]
[Result "1-0"]
[WhiteElo "2276"]
[BlackElo "2043"]

1.d4 Nf6 2.c4 c5 3.d5 e6 4.Nc3 exd5 5.cxd5 d6 6.e4 g6 7.f4 Bg7 8.Nf3 O-O 9.Be2
a6 10.e5 dxe5 11.fxe5 Ng4 12.Bg5 Qb6 13.Na4 Qa5+ 14.Bd2 Qd8 15.O-O Qxd5 16.Nb6
Qc6 17.Nxa8 b5 18.h3 Nh6 19.a4 Bb7 20.axb5 axb5 21.Ne1 Bxa8 22.Bf3 Qb6 23.Bxa8
c4+ 24.Kh1 Nf5 25.Bf4 g5 26.Bh2 Qg6 27.Be4 Ng3+ 28.Bxg3 Qxe4 29.Qf3 Qd4 30.e6
{#r} 1-0

[Event "Ch Yugoslavia (juniors) (under 20) (g)"]
[Site "masterchessopen.com - Tivat (Yugoslavia)"]
[Round "12"]
[White "Popovic Jelena (SRB)"]
[Black "Dimitrijevic Aleksandra (SRB)"]
[Result "0-1"]
[WhiteElo "2038"]
[BlackElo "2219"]

1.d4 Nf6 2.c4 c5 3.d5 e6 4.Nc3 exd5 5.cxd5 d6 6.e4 g6 7.f4 Bg7 8.Nf3 O-O 9.Bd3
c4 10.Bc2 Re8 11.O-O b5 12.a3 Bg4 13.h3 Bxf3 14.Qxf3 Nbd7 15.Be3 a6 16.Rae1
Qc7 17.Bd4 Rab8 18.Bxf6 Nxf6 19.f5 Re5 20.fxg6 hxg6 21.Kh1 Qe7 22.Nd1 Nxd5
23.Nf2 Nf6 24.Ng4 Nxg4 25.Qxg4 d5 26.Rd1 Rd8 27.exd5 Rexd5 28.Rxd5 Rxd5 29.b3
Rd2 30.Bxg6 fxg6 31.bxc4 Qe2 32.Qc8+ Kh7 33.Rg1 Qxc4 {#R} 0-1

[Event "Ch France (team) (juniors)"]
[Site "masterchessopen.com - France"]
[Round "2"]
[White "Blanchard Jody (FRA)"]
[Black "Ip Vincent (FRA)"]
[Result "0-1"]
[WhiteElo "1590"]
[BlackElo "2050"]

1.d4 Nf6 2.c4 c5 3.d5 e6 4.Nc3 exd5 5.cxd5 d6 6.e4 g6 7.f4 Bg7 8.Nf3 O-O 9.Be2
a6 10.a4 Re8 11.e5 dxe5 12.fxe5 Ng4 13.Bg5 Qb6 14.a5 Qc7 15.e6 fxe6 16.d6 Qc6
17.Rc1 Nd7 18.Na4 Qd5 19.Qxd5 exd5 20.Nxc5 Bxb2 21.Rc2 Ba3 22.Nxd7 Bxd7 23.Be7
Bc6 24.Ra2 Bb4+ 25.Nd2 Ne3 26.Rb2 Bxa5 27.g4 Nc4 28.Bxc4 dxc4 29.Ra2 Bxd2+
30.Kxd2 Bxh1 {#R} 0-1

[Event "Ch Spain (open)"]
[Site "masterchessopen.com - Ayamonte (Spain)"]
[Round "6"]
[White "Ayas Fernandez Antonio (ESP)"]
[Black "Lacasa Diaz Jose Antonio (ESP)"]
[Result "0-1"]
[WhiteElo "2316"]
[BlackElo "2424"]

1.d4 Nf6 2.c4 c5 3.d5 e6 4.Nc3 exd5 5.cxd5 d6 6.e4 g6 7.f4 Bg7 8.Nf3 O-O 9.Be2
Bg4 10.O-O Nbd7 11.Be3 Re8 12.Nd2 Bxe2 13.Qxe2 b5 14.e5 dxe5 15.f5 b4 16.Nce4
Nxd5 17.fxg6 hxg6 18.Bg5 Qc7 19.Nc4 N7b6 20.Ncd6 Rf8 21.Rac1 Nf4 22.Qf3 f5
23.Bxf4 fxe4 24.Qb3+ c4 {#R} 0-1

[Event "It (open)"]
[Site "masterchessopen.com - Barcelona (Spain)"]
[Round "5"]
[White "Martinez Gutierrez Bernard (ESP)"]
[Black "Melchor Munoz Alejandro (ESP)"]
[Result "1-0"]
[WhiteElo "2035"]
[BlackElo "2134"]

1.d4 e6 2.e4 c5 3.d5 d6 4.c4 exd5 5.cxd5 Nf6 6.Nc3 g6 7.f4 Bg7 8.Nf3 O-O 9.Bd3
Re8 10.O-O a6 11.a4 Bg4 12.Qb3 Qc8 13.Nd2 Nbd7 14.h3 Bh5 15.g4 Nxg4 16.hxg4
Bxg4 17.Nc4 Qc7 18.a5 Bh3 19.Rf2 Bd4 20.Be3 f5 21.Qd1 Bxc3 22.bxc3 fxe4 23.Bf1
Bxf1 24.Qxf1 b5 25.axb6 Nxb6 26.Nxb6 Qxb6 27.f5 Qb3 28.fxg6 Qxc3 29.gxh7+ Kh8
30.Bh6 Kxh7 31.Rf7+ Kg8 32.Ra2 Kh8 33.Bg7+ Qxg7+ 34.Rxg7 {#r} 1-0

[Event "It (open) \"]
[Site "masterchessopen.com - Bratislava (Slovakia)"]
[Round "8"]
[White "Pacher Milan (SVK)"]
[Black "Janos Ivan (SVK)"]
[Result "0-1"]
[WhiteElo "2025"]
[BlackElo "2131"]

1.d4 Nf6 2.c4 c5 3.d5 e6 4.Nc3 exd5 5.cxd5 d6 6.e4 g6 7.f4 Bg7 8.Nf3 O-O 9.Bd3
b5 10.O-O c4 11.Bc2 b4 12.Ne2 Re8 13.Ng3 Qb6+ 14.Kh1 Ba6 15.h3 Nbd7 16.Re1 Nc5
17.e5 Nfd7 18.e6 fxe6 19.dxe6 Nf6 20.f5 Nd3 21.Bxd3 cxd3 22.Ng5 d5 23.h4 Qd4
24.Nf3 Qg4 25.Kh2 Ne4 26.Nxe4 dxe4 27.Ng5 Qxh4+ 28.Kg1 Bd4+ {#R} 0-1

[Event "Ch NATO"]
[Site "masterchessopen.com - Brest (France)"]
[Round "5"]
[White "Engelen Johan (NED)"]
[Black "Grafl Florian (GER)"]
[Result "0-1"]
[WhiteElo "1976"]
[BlackElo "2343"]

1.c4 Nf6 2.d4 e6 3.Nc3 c5 4.d5 exd5 5.cxd5 d6 6.e4 g6 7.f4 Bg7 8.Nf3 O-O 9.Be2
Nbd7 10.e5 dxe5 11.fxe5 Ng4 12.e6 Nde5 13.exf7+ Rxf7 14.O-O Nxf3+ 15.Rxf3 Bd4+
{#R} 0-1

[Event "Memorial M.Najdorf (juniors) (under 14)"]
[Site "masterchessopen.com - Buenos Aires (Argentina)"]
[Round "5"]
[White "Meza Hugo (ARG)"]
[Black "Cuevas Alex (ARG)"]
[Result "1-0"]
[WhiteElo "2288"]
[BlackElo "2281"]

1.d4 Nf6 2.c4 c5 3.d5 e6 4.Nc3 exd5 5.cxd5 d6 6.e4 g6 7.f4 Bg7 8.Nf3 O-O 9.Be2
Nfd7 10.O-O a6 11.a4 Re8 12.Re1 Qc7 13.Bc4 b6 14.e5 dxe5 15.d6 Qd8 16.Ng5 Rf8
17.Qd5 Ra7 18.Nxf7 Qh4 19.Nh6+ {#r} 1-0

[Event "Ch France (team) (2) 2002/03"]
[Site "masterchessopen.com - France"]
[Round "2"]
[White "Delalande Thierry (FRA)"]
[Black "Abergel Thal (FRA)"]
[Result "0-1"]
[WhiteElo "2169"]
[BlackElo "2365"]

1.d4 Nf6 2.c4 c5 3.d5 e6 4.Nc3 exd5 5.cxd5 d6 6.e4 g6 7.f4 Bg7 8.Nf3 O-O 9.Be2
Nbd7 10.O-O Re8 11.Qc2 c4 12.Bxc4 Nc5 13.Re1 Bd7 14.e5 Bf5 15.Qd1 dxe5 16.Nxe5
Ng4 17.Nxg4 Bxg4 18.Be2 Qb6 19.Kh1 Bxc3 20.bxc3 Ne4 {#R} 0-1

[Event "Ch France (team) (juniors) 2002/03"]
[Site "masterchessopen.com - France"]
[Round "3"]
[White "Hamel Olivier (FRA)"]
[Black "Glicenstein Asher (FRA)"]
[Result "0-1"]
[WhiteElo "1998"]
[BlackElo "2257"]

1.d4 Nf6 2.c4 c5 3.d5 e6 4.Nc3 exd5 5.cxd5 d6 6.e4 g6 7.f4 Bg7 8.Nf3 O-O 9.Bd3
Qb6 10.Qc2 Re8 11.a4 c4 12.Bxc4 Nxe4 13.Nxe4 Bf5 14.Bd3 Bxe4 15.Bxe4 Qb4+
16.Bd2 Qxe4+ 17.Qxe4 Rxe4+ 18.Kf2 Nd7 19.Rhe1 Rae8 20.Be3 b6 21.Re2 Nf6 22.Ng5
Ng4+ 23.Kg3 Rxe3+ 24.Rxe3 Nxe3 25.Re1 Nf5+ {#R} 0-1

[Event "It \"]
[Site "masterchessopen.com - Frankfurt (Germany)"]
[Round "2"]
[White "Kreiling Carsten (GER)"]
[Black "Stojadinovic Tomislav (SRB)"]
[Result "1-0"]
[WhiteElo "2142"]
[BlackElo "1990"]

1.d4 e6 2.c4 c5 3.d5 exd5 4.cxd5 Nf6 5.Nc3 g6 6.e4 d6 7.f4 Bg7 8.Nf3 O-O 9.Be2
b5 10.e5 dxe5 11.fxe5 Ng4 12.d6 Nxe5 13.Nxe5 Bxe5 14.Qd5 Re8 15.O-O Bd4+
16.Kh1 Be6 17.Qxa8 Qxd6 18.Bf4 Qb6 19.Bf3 b4 20.Nd5 Qd8 21.Nc7 Rf8 22.Nxe6
fxe6 23.Bxb8 Qg5 24.Be2 Rd8 25.Bc4 Bf6 26.Bxe6+ Kh8 27.Rxf6 {#r} 1-0

[Event "Hessenliga 2001/02"]
[Site "masterchessopen.com - Germany"]
[Round "9"]
[White "Kreiling Carsten (GER)"]
[Black "Heinelt Manfred (GER)"]
[Result "0-1"]
[WhiteElo "2142"]
[BlackElo "2216"]

1.d4 Nf6 2.c4 c5 3.d5 e6 4.Nc3 exd5 5.cxd5 d6 6.e4 g6 7.f4 Bg7 8.Nf3 O-O 9.Be2
b5 10.e5 dxe5 11.fxe5 Ng4 12.Bf4 Nd7 13.Nxb5 Ndxe5 14.O-O Qb6 15.a4 c4+ 16.Kh1
Nxf3 17.Bxf3 Nf2+ 18.Rxf2 Qxf2 19.Bg3 Qxb2 20.Rb1 Qf6 21.Nc7 Bf5 22.Rc1 Rab8
23.Rxc4 Rb1 24.Rc1 Rxc1 25.Qxc1 Rb8 26.Nb5 Rc8 27.Nc7 Bf8 28.h4 Bd6 29.Qc6
Qa1+ 30.Kh2 Bxg3+ 31.Kxg3 Qe5+ 32.Kf2 Rxc7 33.Qb5 Rc2+ 34.Be2 Bg4 {#R} 0-1

[Event "It (open)"]
[Site "masterchessopen.com - Helsinki (Finland)"]
[Round "4"]
[White "Aaltio Erkki (FIN)"]
[Black "Kauppila Osmo (FIN)"]
[Result "0-1"]
[WhiteElo "2133"]
[BlackElo "2209"]

1.d4 Nf6 2.c4 c5 3.d5 e6 4.Nc3 exd5 5.cxd5 d6 6.e4 g6 7.f4 Bg7 8.Nf3 O-O 9.Be2
Nbd7 10.O-O Re8 11.Nd2 Rb8 12.a4 Nb6 13.Bf3 Bd7 14.h3 a6 15.Re1 Qc7 16.g4 h6
17.h4 Qc8 18.a5 Nxg4 19.axb6 Bd4+ 20.Kg2 Nf2 21.Qe2 Bb5 22.Nxb5 Qh3+ 23.Kg1
axb5 24.Bg2 Ng4+ {#R} 0-1

[Event "It (open) (b)"]
[Site "masterchessopen.com - Cseppko (Hungary)"]
[Date "2002.07.19"]
[Round "6"]
[White "Nohl Hansjorg (SUI)"]
[Black "Ruszin Tibor (HUN)"]
[Result "0-1"]
[WhiteElo "1912"]
[BlackElo "2094"]

1.d4 c5 2.d5 Nf6 3.c4 e6 4.Nc3 exd5 5.cxd5 d6 6.e4 g6 7.f4 Bg7 8.Nf3 O-O 9.Bd3
Bd7 10.a4 Na6 11.O-O Re8 12.Re1 Ng4 13.h3 c4 14.hxg4 cxd3 15.Qxd3 Nc5 16.Qb1
Bxg4 17.Be3 Bxf3 18.gxf3 Qh4 19.Kg2 Nb3 20.Rh1 Qe7 21.Ra3 Na5 22.Qd3 b6 23.Bd4
Rac8 24.Bxg7 Kxg7 25.Raa1 Nc4 26.Qe2 Qf6 27.Nb5 Qxf4 28.Nxa7 Ne3+ {#R} 0-1

[Event "Ch Finland (team) 2002/03 (I Division)"]
[Site "masterchessopen.com - Finland"]
[Round "7"]
[White "Pessi Juha (FIN)"]
[Black "Kauko Jussi (FIN)"]
[Result "1-0"]
[WhiteElo "2180"]
[BlackElo "2253"]

1.d4 Nf6 2.c4 c5 3.d5 e6 4.Nc3 exd5 5.cxd5 d6 6.e4 g6 7.f4 Bg7 8.Nf3 O-O 9.Be2
Bg4 10.O-O Nbd7 11.Re1 Re8 12.h3 Bxf3 13.Bxf3 a6 14.g4 Nf8 15.a4 Rb8 16.a5 Kh8
17.h4 N8d7 18.g5 Ng8 19.h5 Ne7 20.Kg2 f6 21.Rh1 fxg5 22.fxg5 Ne5 23.Bg4 Nxg4
24.Qxg4 Be5 25.Ne2 Rg8 26.Nf4 Bxf4 27.Bxf4 gxh5 28.Rxh5 Ng6 29.Rah1 Nxf4+
30.Qxf4 Rg7 31.Qf5 Qg8 32.Qf6 {#r} 1-0

[Event "Ch France (juniors) (under 14)"]
[Site "masterchessopen.com - France"]
[Round "1"]
[White "Nazeri David (FRA)"]
[Black "Glicenstein Asher (FRA)"]
[Result "0-1"]
[WhiteElo "1949"]
[BlackElo "2299"]

1.d4 Nf6 2.c4 c5 3.d5 e6 4.Nc3 exd5 5.cxd5 d6 6.e4 g6 7.f4 Bg7 8.Nf3 O-O 9.Bd3
Qb6 10.Qb3 Qxb3 11.axb3 a6 12.O-O Nbd7 13.Bd2 b6 14.e5 dxe5 15.fxe5 Ng4 16.e6
Nde5 17.Nxe5 Bxe5 18.exf7+ Rxf7 19.g3 Bd4+ 20.Kg2 Nf2 {#R} 0-1